000 00578nam a22001937a 4500
003 koha_MIRAKIL
005 20231213100440.0
008 231213b |||||||| |||| 00| 0 ||| d
020 _b978-6-05-094108-1
040 _aTR-IsEVY
_btur
_cTR-IsEVY
082 _a398.2 GÜL/E
100 _aGüler, Mehmet.
245 0 _aEfsane dolu Anadolu
_bTürkiye'nin yedi bölgesinden efsaneler
260 _bDoğan Egmont Yayıncılık,
_c2017
300 _a124 s.
650 _aTürk edebiyatı -- Halk hikayeleri.
650 _aTurkish literature -- Folk stories.
942 _2ddc
_cBK
999 _c20107
_d20107